Statistics for One Leicester City Player by Nation

Click here to take the quiz!

General Stats

  • This quiz has been taken 500 times
    (336 since last reset)
  • The average score is 12 of 19

Answer Stats

NationPlayer% Correct
EnglandJamie Vardy | Marc Albrighton | Steve Guppy | +89 others
100%
AlgeriaRiyad Mahrez | Islam Slimani | Rachid Ghezzal
90%
FranceN'Golo Kanté | Wesley Fofana | Pegguy Arphexad | +3 others
88%
DenmarkKasper Schmeichel | Jannik Vestergaard | Jacob Laursen | +2 others
85%
NigeriaWilfred Ndidi | Kelechi Iheanacho | Ade Akinbiyi | +1 other
84%
BelgiumYouri Tielemans | Ritchie De Laet | Dennis Praet | +2 others
82%
JamaicaWes Morgan | Frank Sinclair | Jamie Lawrence | +1 other
76%
TurkeyMuzzy Izzet | Çağlar Söyüncü | Cengiz Ünder
72%
Northern IrelandNeil Lennon | Gerry Taggart | Jonny Evans | +2 others
70%
WalesRobbie Savage | Andy King | Iwan Roberts | +5 others
70%
PortugalRicardo Pereira | Adrien Silva | Sidnei Tavares
68%
SpainAyoze Pérez | Vicente Iborra | Luis Hernández
67%
GermanyRobert Huth | Steffen Freund | Ron-Robert Zieler
66%
AustriaChristian Fuchs | Aleksandar Dragović
65%
GhanaJeffrey Schlupp | Daniel Amartey
55%
ArgentinaLeonardo Ulloa | Esteban Cambiasso
46%
ScotlandMatt Elliott | Callum Davidson | Paul Dickov | +4 others
12%
GreeceTheodoros Zagorakis | Nikos Dabizas
9%
IrelandBrian Carey | Damien Delaney
2%

Score Distribution

Percentile by Number Answered

Percent of People with Each Score

Your Score History

You have not taken this quiz since the last reset